Central Library OPAC University of Rajshahi

Shakespeare : (Record no. 54668)

MARC details
000 -LEADER
fixed length control field 00785nam a2200265 a 4500
001 - CONTROL NUMBER
control field 54668
003 - CONTROL NUMBER IDENTIFIER
rucl marc code BD-RJUL
005 - DATE AND TIME OF LATEST TRANSACTION
control field 20211209080143.0
008 - FIXED-LENGTH DATA ELEMENTS--GENERAL INFORMATION
fixed length control field 161107r19691965enk 000 0 eng
035 ## - SYSTEM CONTROL NUMBER
System control number (BD-RJUL)54790
040 ## - CATALOGING SOURCE
Original cataloging agency DLC
Transcribing agency ORL
Modifying agency BD-RJUL
Language of cataloging eng
041 ## - LANGUAGE CODE
Language code of text/sound track or separate title eng
082 ## - DEWEY DECIMAL CLASSIFICATION NUMBER
Edition number 23
Classification number 822.33
Author mark and year TRS 1969
090 ## - LOCALLY ASSIGNED LC-TYPE CALL NUMBER (OCLC); LOCAL CALL NUMBER (OCLC)
Classification number (OCLC) (R) ; Classification number, CALL (RLIN) (NR) PR2981
Local cutter number (OCLC) ; Book number/undivided call number, CALL (RLIN) .T779
099 ## - LOCAL FREE-TEXT CALL NUMBER (OCLC)
Bangla Class number PR2981.T779
100 1# - MAIN ENTRY--PERSONAL NAME
Personal name Traversi, Derek
Dates associated with a name 1912-2005.
9 (RLIN) 163030
245 10 - TITLE STATEMENT
Title Shakespeare :
Remainder of title the last phase /
Statement of responsibility, etc. Derek Traversi.
260 ## - PUBLICATION, DISTRIBUTION, ETC. (IMPRINT)
Place of publication, distribution, etc. London :
Name of publisher, distributor, etc. HOLLIS & CARTER,
Date of publication, distribution, etc. 1969 [Reprinted 1965]
300 ## - PHYSICAL DESCRIPTION
Pagination viii, 272 p.
Size 23 cm.
500 ## - GENERAL NOTE
General note "First published in 1955"
600 10 - SUBJECT ADDED ENTRY--PERSONAL NAME
Personal name Shakespeare, William
Dates associated with a name 1564-1616
General subdivision Comedies.
942 ## - ADDED ENTRY ELEMENTS (KOHA)
Source of classification or shelving scheme Dewey Decimal Classification
Koha item type Books
949 ## - LOCAL PROCESSING INFORMATION (OCLC)
a MYGH
b 39080005061418
Holdings
Lost status Source of classification or shelving scheme Damaged status Not for loan Collection code Permanent Location Current Location Shelving location Date acquired Source of acquisition Cost, normal purchase price Total Checkouts Full call number Date last seen Copy number Koha item type
  Dewey Decimal Classification     Non-fiction Central Library, University of Rajshahi Central Library, University of Rajshahi   11/01/1971 Zeitlinger 45.00   822.33 TRS 1969 08/11/2016 C-2 Books